Prometheus

محفوظ في:

التنسيق: دورية

اللغة: Undetermined

منشور في: JSTOR
Pluto Journals

الموضوعات:

الوصول للمادة أونلاين: Login to view Source

الوسوم: إضافة وسم

لا توجد وسوم, كن أول من يضع وسما على هذه التسجيلة!

رقم الطلب:

LEADER 00598nas a2200205Ia 4500
008 220214c99999999xx |||||||||||| ||und||
022 |a 0810-9028 
022 |a 1470-1030 
245 0 0 |a Prometheus 
264 1 |b JSTOR 
264 1 |b Pluto Journals 
362 0 |a Vol. 32(2014)-37 (2021) 
653 1 0 |a Business & Economics 
653 1 0 |a Economics 
653 1 0 |a Science & Mathematics 
653 1 0 |a Science & Technology Studies 
856 4 0 |u https://www.jstor.org/journal/prometheus 
942 |c JL 
952 |0 0  |1 0  |4 0  |7 1  |9 36789  |a JSR  |b JSR  |d 2022-02-14  |l 0  |r 2022-02-14 00:00:00  |w 2022-02-14  |y JL 
999 |c 45121  |d 45121